000
00270nam a2200097Ia 4500
008
220204s9999 xx 000 0 und d
082
_a
NR:631.55
_b
RRI
245
0
_a
Rubber tapping manual(Hindi)
260
_a
Kottayam
_b
Rubber Research Institute of India
_c
2011
942
_c
BK
999
_c
44663
_d
44663